000 00263nam a2200109Ia 4500
008 200302s9999 xx 000 0 und d
100 _aD. K. Babber
245 _aThe Spirit of Indian Architecture
260 _bAcademy Editions
260 _c2005
300 _a376 P.,
999 _c2445
_d2445